000 00593nam a2200229Ia 4500
003 GCL
005 20240530103547.0
008 140319s9999 xx 000 0 ara d
040 _aGCL /
_cGCL
082 0 4 _a812
_bك ع
100 1 _aكيلى جورج
245 1 0 _aعاشق المظاهر /
_cكيلى جورج
300 _a174 ص
650 0 4 _aالادب العربى
650 0 4 _aالادب
650 0 4 _aالمسرح
650 0 4 _aالمسرحيات
650 0 4 _aالمسرح العربى
700 1 _aكامل يوسف
700 1 _aكيلى, جورج
942 _2ddc
_cBK
999 _c40659
_d40659